000 00645nam a2200181Ia 4500
008 100921s9999 xx 000 0 und d
082 _b20909
_a891.463 थ 88
100 _aक्षेत्रमाडे सुमति.
245 _aसिंधुदुर्ग.
260 _bप्रिया प्रकाशन, मुंबई.
_c1988
300 _a172
_bभावे पुस्तक भांडार,पुणे
365 _b40
520 _aललित-कथा.
630 _aसिंधुदुर्ग.
650 _aललित-कथा.
730 _aसिंधुदुर्ग.
942 _cBOOK
999 _c770022
_d770019